Introduction to humanistic psychology / (Record no. 173516)

MARC details
000 -LEADER
campo de control de longitud fija 00669nam a22002055i 4500
001 - NÚMERO DE CONTROL
campo de control 173516
003 - IDENTIFICADOR DE NÚMERO DE CONTROL
campo de control ES-MaACL
005 - FECHA Y HORA DE LA ÚLTIMA TRANSACCIÓN
campo de control 20250822032659.0
008 - DATOS DE LONGITUD FIJA--INFORMACIÓN GENERAL
campo de control de longitud fija 091203s1972 xxu |||| | eng d
020 ## - NÚMERO INTERNACIONAL ESTÁNDAR DEL LIBRO
Número Internacional Estándar del Libro 0-8185-0032-8
080 ## - NÚMERO DE LA CLASIFICACIÓN DECIMAL UNIVERSAL
Número de la Clasificación Decimal Universal 159.9
100 1# - ENTRADA PRINCIPAL--NOMBRE DE PERSONA
Nombre de persona Buhler, Charlotte Malachowski.
9 (RLIN) 141722
245 10 - MENCIÓN DEL TÍTULO
Título Introduction to humanistic psychology /
Mención de responsabilidad, etc. Charlotte Bu¨hler and Melanie Allen.
260 ## - PUBLICACIÓN, DISTRIBUCIÓN, ETC.
Lugar de publicación, distribución, etc. Monterrey :
Nombre del editor, distribuidor, etc. Brooks/Cole Pub. C.,
Fecha de publicación, distribución, etc. [1972]
300 ## - DESCRIPCIÓN FÍSICA
Extensión VIII, 120 p ;
Dimensiones 23 cm.
650 17 - PUNTO DE ACCESO ADICIONAL DE MATERIA--TÉRMINO DE MATERIA
Término de materia o nombre geográfico como elemento de entrada Psicología humanística
Fuente del encabezamiento o término embne
9 (RLIN) 16567
700 1# - ENTRADA AGREGADA--NOMBRE PERSONAL
Nombre de persona Allen, Melanie.
9 (RLIN) 141723
852 ## - LOCALIZACIÓN
Ubicación ES-MaACL
Número de control de estantería E-13210
Nota libre .- Donativo doctor Calles
Holdings
Estatus retirado Estado de pérdida Estado de daño No para préstamo Biblioteca de origen Biblioteca actual Ubicación en estantería Fecha de adquisición Fuente de adquisición Total de préstamos Signatura topográfica completa Código de barras Visto por última vez Precio de reemplazo Tipo de ítem Koha
        Biblioteca del Ateneo de Madrid Biblioteca del Ateneo de Madrid Depósito 2 03/12/2009     E-13210 1182095 23/02/2023 23/02/2023 Libro impreso